000 00646nam a2200217Ia 4500
003 GCL
008 140319s9999 xx 000 0 ara d
040 _aGCL /
_cGCL
082 0 4 _a938.08
_bك ح
100 1 _aمحمد صقر خفاجة
245 1 0 _aالحضارة الهلينية /
_cمحمد صقر خفاجة
700 1 _aمحمد على كمال الدين (مترجم)
700 1 _aكروازية، موريس
300 _a236 ص
490 _a
650 0 4 _aاليونان
650 0 4 _aالحضارة الاغريقية
650 0 4 _aاليونان القديمة
650 0 4 _aالعصر الهلينى
942 _2ddc
_cBK
999 _c42406
_d42406